000 01076nam a22002775a 4500
999 _c27174
_d27146
003 EG-ScBUE
005 20190218100644.0
008 190217s2016 ua frb 000 0 ara d
017 _a2016 / 3842
020 _a9789773565145
040 _aEG-ScBUE
_bara
_cEG-ScBUE
_dEG-ScBUE
082 0 4 _a302.231
_bر ض و
_222
100 1 _aرضوان، طارق.
245 1 0 _aحروب الجيل الرابع :
_bهدم الدول و إبادة الشعوب /
_cطارق رضوان.
250 _aط. 1.
260 _aالجيزة، مصر :
_bهلا للنشر والتوزيع،
_c2016.
300 _a390 ص. ؛
_c24 سم.
504 _aيشتمل على إرجاعات ببليوجرافية.
650 7 _aالإنترنت
_xجوانب سياسية.
_2BUEsh
650 7 _aالإنترنت
_xجوانب اجتماعية.
_2BUEsh
650 7 _aالإعلام
_xجوانب سياسية.
_2BUEsh
650 7 _aالشبكات الاجتماعية على الإنترنت
_xجوانب سياسية.
_2BUEsh
651 _2BUEsh
653 _bBUSBOL
_bGGEN
_cFebruary2019
942 _2ddc